| 000 | 01306nam a2200277Ia 4500 | ||
|---|---|---|---|
| 003 | OSt | ||
| 005 | 20200924002016.0 | ||
| 008 | 191128m19351946ck aodbfr 000 0 spa d | ||
| 040 |
_aCO-JMCR _cCO-JMCR |
||
| 041 | 0 | _aspa | |
| 082 | 0 | 4 |
_a918.61 / _bC718g _223 |
| 110 | 2 |
_aColombia. _bContraloría General de la República _96721 |
|
| 245 | 1 | 0 |
_aGeografía económica de Colombia / _cContraloría General de la República |
| 260 |
_a[Bogotá] : _bContraloria General de la República, _c1935 |
||
| 300 |
_a7 volúmenes : _bilustraciones, gráficos, mapas a blanco y negro ; _c22 cm. |
||
| 505 | 2 |
_gV.1 _tAntioquia _gV.2 _tAtlántico _gV.3 _tBoyacá _gV.4 _tCaldas _gV.5 _tBolívar _gV.7 _tTolima |
|
| 650 | 1 | 4 |
_aGeografía económica _xcondiciones económicas _zColombia _910663 |
| 650 | 1 | 4 |
_aGeneralidades _xorografía y topografía _910664 |
| 651 | 4 |
_aAntioquia _xgeografía física _vcondiciones económicas _910665 |
|
| 651 | 4 |
_aAtlántico _xgeografía física _vcondiciones económicas _910666 |
|
| 651 | 4 |
_aBoyacá _xgeografía física _vcondiciones económicas _910667 |
|
| 651 | 4 |
_aCaldas _xgeografía física _vcondiciones económicas _910668 |
|
| 651 | 4 |
_aBolívar _xgeografía física _vcondiciones económicas _910669 |
|
| 651 | 4 |
_aTolima _xgeografía física _vcondiciones económicas _910670 |
|
| 942 |
_2ddc _cBK |
||
| 999 |
_c6227 _d6227 |
||